000 00619nam a2200265Ia 4500
005 20260320203245.0
008 008 262003s9999 xx 000 0 eng d
020 _a978-981-97-3549-5
037 _aEBOOK
040 _aCRL
040 _beng
040 _cCRL
041 _2eng
041 _aeng
084 _qCRL
100 _aOttavio Palombaro
_91137196
245 0 _aChristianity and Capitalism in China
260 _bSpringer
260 _c2024
650 _aPhilosophy
856 _uhttps://doi.org/10.1007/978-981-97-3549-5
942 _cEBOOK
999 _c1725920
_d1725920